LEADER 01112nam a22002891i 4500 001 991000774399707536 005 20040130154720.0 008 040220s1970 it a||||||||||||||||ita 035 $ab12668588-39ule_inst 035 $aARCHE-066692$9ExL 040 $aDip.to Scienze pedagogiche$bita$cA.t.i. Arché s.c.r.l. Pandora Sicilia s.r.l. 082 04$a220.07 100 1 $aGrom, Bernhard$0482877 245 10$aCatechesi sull'antico testamento /$cBernhard Grom ; con 137 disegni didattici di Peter Hajnoczky e Jean Rot 260 $aRoma :$bEdizioni paoline,$cc1970 300 $a716 p. :$bill. ;$c22 cm 440 0$aBibbia e catechesi ;$v18 650 4$aBibbia V. T.$xInsegnamento 700 1 $aHajnoczky, Peter 700 1 $aRoth, Jean 765 0 $tKatechesen zum Alten Testament 907 $a.b12668588$b02-04-14$c17-03-04 912 $a991000774399707536 945 $aLE022 MP 70 G 20$g1$i2022000059206$lle022$o-$pE0.00$q-$rl$s- $t0$u0$v0$w0$x0$y.i13176912$z17-03-04 996 $aCatechesi sull'antico testamento$9273759 997 $aUNISALENTO 998 $ale022$b17-03-04$cm$da $e-$fita$git $h0$i1 LEADER 01259nam 2200373z- 450 001 9910693921703321 005 20101224090524.0 035 $a(CKB)5590000000558031 035 $a(BIP)032916235 035 $a(EXLCZ)995590000000558031 100 $a20211006c2003uuuu -u- - 101 0 $aeng 200 10$aFreedom of the press in China after SARS $ereform and retrenchment : roundtable before the Congressional-Executive Commission on China, One Hundred Eighth Congress, first session, September 22, 2003 215 $a1 online resource (iii, 32 p.) 311 $a0-16-071058-8 517 $aFreedom of the press in China after SARS 606 $aFreedom of the press$zChina 606 $aGovernment and the press$zChina 606 $aSARS (Disease)$zChina 610 $aFreedom of the press 610 $aGovernment and the press 610 $aPress 610 $aVirus diseases 610 $aPolitical science 610 $aLanguage arts & disciplines 610 $aMedical 615 0$aFreedom of the press 615 0$aGovernment and the press 615 0$aSARS (Disease) 676 $a323.44/50951 906 $aBOOK 912 $a9910693921703321 996 $aFreedom of the press in China after SARS$93101083 997 $aUNINA